[Event "SLO-chT2 East"]
[Site "Slovenia"]
[Date "2016.10.01"]
[Round "3"]
[White "Bajc, Aleksander"]
[Black "Mastinsek, Marko"]
[Result "1-0"]
[WhiteElo "1715"]
[BlackElo "1886"]
[PlyCount "62"]
[EventDate "2016.09.24"]
[EventType "team-tourn"]
[EventRounds "9"]
[EventCountry "SLO"]
[SourceTitle "EXT 2019"]
[Source "ChessBase"]
[SourceDate "2018.10.10"]
[SourceVersion "1"]
[SourceVersionDate "2018.10.10"]
[SourceQuality "1"]
[WhiteTeam "Krsko Triglav II"]
[BlackTeam "Gornja Radgona"]
[WhiteTeamCountry "SLO"]
[BlackTeamCountry "SLO"]

1. d4 Nf6 2. c4 b6 3. Nf3 Bb7 4. Bf4 d6 5. Nc3 g6 6. d5 Bg7 7. e4 Nbd7 8. Qc2 0-0 9. Be2 a5 10. 0-0 Re8 11. h3 Nc5 12. Rfe1 Bc8 13. Rad1 Bd7 14. e5 Bf5 15. Qc1 Nfe4 16. Nxe4 Bxe4 17. exd6 exd6 18. Nd4 Bxd4 19. Rxd4 Bf5 20. Bg5 f6 21. Be3 Qe7 22. Rdd1 Ne4 23. Bd4 Qf7 24. Bd3 Re7 25. g4 Ng5 26. Kg2 Bxd3 27. Rxd3 Rae8 28. Rxe7 Rxe7 29. Qf4 Ne4 30. Re3 Nc5 31. Qxf6 Rxe3 1-0

[Event "SLO-chT2 East"]
[Site "Slovenia"]
[Date "2014.11.16"]
[Round "9"]
[White "Mastinsek, Marko"]
[Black "Skuhala, Luka"]
[Result "1/2-1/2"]
[WhiteElo "1805"]
[BlackElo "1915"]
[PlyCount "35"]
[EventDate "2014.09.13"]
[EventType "team-tourn"]
[EventRounds "9"]
[EventCountry "SLO"]
[SourceTitle "EXT 2019"]
[Source "ChessBase"]
[SourceDate "2018.10.10"]
[SourceVersion "1"]
[SourceVersionDate "2018.10.10"]
[SourceQuality "1"]
[WhiteTeam "Gornja Radgona"]
[BlackTeam "Pomgrad Radenska III"]
[WhiteTeamCountry "SLO"]
[BlackTeamCountry "SLO"]

1. Nf3 Nf6 2. g3 e6 3. c4 Be7 4. d4 d5 5. b3 0-0 6. e3 c6 7. Bb2 b6 8. Bd3 Bb7 9. 0-0 Nbd7 10. Nc3 Rc8 11. cxd5 cxd5 12. Rc1 a6 13. Qe2 b5 14. a4 b4 15. Na2 Qb6 16. Rxc8 Rxc8 17. Rc1 Rxc1+ 18. Nxc1 1/2-1/2